000 01133nam a2200301 a 4500
001 000001784
005 20200929145711.0
008 090629s2001 es 000 0 spa d
020 _a8482394584
040 _aDO-SdBNP
_bspa
_cBNPHU
082 _a823.914
_bD524c, 2001
100 1 _aWohl, Louis de
_d1903-1961
_95791
240 1 0 _aThe Restless Flame
_linglés
245 1 0 _aCorazón inquieto :
_bla vida de San Agustín /
_cLouis de Wohl ; traducción Joaquín Esteban Perruca.
250 _a11a ed.
260 _aMadrid :
_bEdiciones Palabra,
_c2001.
300 _a284 p. ;
_c22 cm.
490 0 _aPalabra
_v51
500 _aIncluye cronología de la época de San Agustín (p. 269-271)
500 _aIncluye notas al pie de las páginas
534 _pTítulo original en inglés
_tThe Restless Flame
600 1 4 _aAUGUSTINUS, AURELIUS,
_cSANTO, BISPO DE HIPONA,
_d354-430
_vFICCIÓN
_95792
650 4 _aLiteratura inglesa
_xSiglo xx
_95793
650 4 _aLiteratura religiosa
_xSiglo xx
_95794
700 1 _aPerruca, Joaquín Esteban,
_etr.
_95795
830 0 _aPalabra
_v51
_95796
910 0 _aValidado. Control de calidad MMOLINA
999 _c1661
_d1661